| 000 | 00411nam a2200109Ia 4500 | ||
|---|---|---|---|
| 008 | 171204s9999 xx 000 0 und d | ||
| 245 | _aLeaders and Innovators: How Data-Driven Organizations Are Winning with Analytics | ||
| 245 | _cBill Franks, James Taylor, and Tho H. Nguyen | ||
| 260 | _c2016 | ||
| 650 | _xHUMAN BEHAVIOR IN ORGANIZATION WITH ETHICS | ||
| 856 | _uhttp://down.ebook777.com/052/9781119232575.pdf | ||
| 999 |
_c346986 _d346986 |
||